000 01161nam a22003137a 4500
001 BR8402298
003 BR-BrBNA
005 20230928091917.0
007 ta
008 230509b bl.||||| |||| 00| 0 por d
040 _aBR-BrBNA
_bpor
_cBiblioteca Nacional de Agricultura
041 _a(Por)
072 _aH10
_b4020
_b7300
090 _ 4020 BR8402298
100 1 _aOhashi, O.S.
110 1 _aEscola Superior de Agricultura Luiz de Queiroz, Piracicaba, SP (Brasil)
_0Tese (Doutor em Ciencias)
245 1 _aBiologia e aspectos morfologicos de Brachymeria (Brachymeria)ovata (Say, 1824)(Hymenoptera: Chalcididae)endoparasito de pupas de lepidoptera
246 1 _aBiology and morphological aspects of Brachymeria (Brachymeria)ovata (Say, 1824)(Hymenoptera: Chalcididae)endoparasite of lepidoptera pupae
260 3 _aPiracicaba, SP (Brasil):
_c1984.
300 _a90 p.
500 _a36 tables; 24 graphs; Summaries (Eng, Por); 44 ref.
650 _aINSETO PARA CONTROLE BIOLOGICO
650 _aPARASITO
650 _aLEPIDOPTERO
650 _aBIOLOGIA
650 _aMORFOLOGIA ANIMAL
909 _a202309
_bLucia
_c55
_dLucia Elande
942 _cBK
999 _c36155
_d36155